000 02026 a2200229 4500
001 40079
005 20260407155656.0
008 260407a1966 arg spa d
003 AR-UNSa-BCEJYS
040 _aAR-UNSa-BCEJYS
_bspa
_cAR-UNSa-BCEJYS
080 _a94
_xHistoria General
245 1 0 _aLas civilizaciones actuales
_pestudio de historia económica y social
264 1 _aMadrid :
_bTecnos
_c1966
300 _a497 p.
_c23 cm.
505 _aParte I: Antaño, ayer y hoy: Las grandes civilizaciones del mundo actual:1. Gramática de las civilizaciones: Las variaciones de vocabularios - 2. Las civilización se define en relación con las diferentes ciencias del hombre - 3. Las civilizaciones son continuidades - Parte II: El islam y el mundo musulman : 4. Lo que enseña la historia - 5. Lo que enseña la geografía - 6. Esplandor y retorceso del Islam (s.VIII- XVIII) - 7. El renacimiento actual del Islam - Parte III: 8. El continente negro y su pasado - 9. Africa Negra: su presente y su futuro - Parte IV: Extremo Oriente : 10. Introducción al extremo oriente - 11. La china clásica - 12. China de ayer y hoy - 13. La India de ayer y de hoy - 14. Un extremo oriente marítimo: Indochina, Indonesia, Filipinas, Corea, Japón - 15. El Japón - Parte V: Las civilizaciones europeas: 16. Espacio y libertades - 17. Cristianismo, humanismo y pensamiento científico - 18. La industrialización de Europa - 19. La unidades de Europa - Parte VI: El otro nuevo mundo : 20. América Latina - Parte VII: América por excelencia: Estados Unidos: 21. Un pasado reconfortante : El balance de las oportunidades - 22. Las sombras y las dificultades de ayer a hoy - 23. A través del universo inglés - Parte VI: La otra europa : Mascovia, Rusia, URSS : 24. Desde su origenes a la revolución de octubre en 1917 - 25. La URSS desde 1917 hasta hoy -
041 _aspa
942 _cBK
590 _aniveau_biblio:m niveau_hierar:0
100 1 _aBraudel, Fernand
700 1 _aGomez Mendoza, J.
700 1 _aAnes, Gonzalo
999 _c3176
_d3176